[Event "MCR druzstev mladsich zaku 2016"]
[Site "Hradec Kralove"]
[Date "2016.06.12"]
[Round "9.16"]
[White "Khadash (Loko Brno), Samuel"]
[Black "Pulpan (Polabiny A), Ondrej"]
[Result "0-1"]
[BlackElo "1479"]
[WhiteElo "1548"]
[LiveChessVersion "1.4.8"]

1. e4 {[%clk 0:25:18]} c5 {[%clk 0:25:18]} 2. Nf3 {[%clk 0:25:27]} Nc6
{[%clk 0:25:26]} 3. d4 {[%clk 0:25:36]} cxd4 {[%clk 0:25:34]} 4. Nxd4
{[%clk 0:25:45]} d6 {[%clk 0:25:42]} 5. Nc3 {[%clk 0:25:37]} Nf6 {[%clk 0:25:49]}
6. Be2 {[%clk 0:25:18]} g6 {[%clk 0:25:45]} 7. Be3 {[%clk 0:25:12]} Bg7
{[%clk 0:25:38]} 8. O-O {[%clk 0:25:07]} O-O {[%clk 0:25:45]} 9. Qd2
{[%clk 0:25:09]} Bd7 {[%clk 0:25:42]} 10. Rad1 {[%clk 0:23:39]} Re8
{[%clk 0:25:47]} 11. Bh6 {[%clk 0:22:50]} Bh8 {[%clk 0:25:12]} 12. Kh1
{[%clk 0:20:58]} Nxd4 {[%clk 0:24:11]} 13. Qxd4 {[%clk 0:20:48]} Ng4
{[%clk 0:23:36]} 14. Qd2 Nxh6 {[%clk 0:22:57]} 15. Qxh6 {[%clk 0:20:29]} Bg7
{[%clk 0:22:59]} 16. Qe3 {[%clk 0:18:21]} a6 {[%clk 0:21:38]} 17. a3
{[%clk 0:17:07]} b5 {[%clk 0:19:16]} 18. Rd2 {[%clk 0:11:36]} Rb8
{[%clk 0:17:55]} 19. b4 {[%clk 0:09:55]} Rc8 {[%clk 0:16:37]} 20. Nd5
{[%clk 0:08:01]} Be6 {[%clk 0:13:42]} 21. Rfd1 {[%clk 0:06:32]} Bxd5
{[%clk 0:12:56]} 22. exd5 {[%clk 0:06:17]} Rc3 {[%clk 0:11:09]} 23. Bd3
{[%clk 0:05:50]} Rxa3 {[%clk 0:09:19]} 24. Qe4 {[%clk 0:04:16]} Rc3
{[%clk 0:08:34]} 25. h4 Qb6 {[%clk 0:05:27]} 26. h5 {[%clk 0:02:59]} a5
{[%clk 0:03:42]} 27. Rb1 {[%clk 0:01:08]} a4 {[%clk 0:03:08]} 28. hxg6
{[%clk 0:01:16]} hxg6 {[%clk 0:03:15]} 29. Qe2 {[%clk 0:01:15]} a3
{[%clk 0:02:41]} 30. Rdd1 {[%clk 0:00:13]} a2 {[%clk 0:02:25]} 31. Rbc1
{[%clk 0:00:22]} Ra3 {[%clk 0:02:19]} 32. Bxb5 {[%clk 0:00:16]} a1=Q
{[%clk 0:02:14]} 33. Rxa1 {[%clk 0:00:18]} Rxa1 {[%clk 0:02:14]} 34. Bxe8
{[%clk 0:00:26]} Rxd1+ {[%clk 0:02:04]} 35. Qxd1 {[%clk 0:00:35]} Qxf2
{[%clk 0:01:57]} 36. Qf3 {[%clk 0:00:14]} Qe1+ {[%clk 0:01:56]} 37. Kh2
{[%clk 0:00:18]} Be5+ {[%clk 0:01:58]} 38. g3 {[%clk 0:00:23]} Qd2+
{[%clk 0:01:59]} 39. Kh3 {[%clk 0:00:19]} Qh6+ {[%clk 0:02:03]} 40. Kg2
{[%clk 0:00:26]} f6 {[%clk 0:01:48]} 41. Bd7 {[%clk 0:00:34]} Qd2+
{[%clk 0:01:53]} 42. Qf2 {[%clk 0:00:37]} Qxd5+ {[%clk 0:01:59]} 43. Kh2
{[%clk 0:00:41]} Qc4 {[%clk 0:01:35]} 44. b5 {[%clk 0:00:29]} d5 {[%clk 0:01:30]}
45. Be6+ {[%clk 0:00:21]} Kg7 {[%clk 0:01:33]} 46. Bd7 {[%clk 0:00:30]} Qc7
{[%clk 0:01:37]} 47. Bc6 {[%clk 0:00:35]} Qd8 {[%clk 0:01:23]} 48. b6
{[%clk 0:00:28]} Bb8 {[%clk 0:01:24]} 49. b7 {[%clk 0:00:31]} Qd6
{[%clk 0:01:23]} 50. Ba4 {[%clk 0:00:19]} Qc7 {[%clk 0:01:23]} 51. Bb3
{[%clk 0:00:13]} Qxb7 {[%clk 0:01:23]} 52. Qf3 {[%clk 0:00:23]} Qc7
{[%clk 0:01:14]} 53. Kh3 {[%clk 0:00:13]} Qd6 {[%clk 0:00:52]} 54. Bxd5
{[%clk 0:00:17]} Bc7 {[%clk 0:00:47]} 55. Bb3 {[%clk 0:00:25]} Qe5
{[%clk 0:00:40]} 56. Kg2 {[%clk 0:00:32]} Bd6 {[%clk 0:00:42]} 57. Bd5
{[%clk 0:00:30]} Qg5 {[%clk 0:00:26]} 58. Bb3 {[%clk 0:00:23]} Qd2+
{[%clk 0:00:30]} 59. Kh3 {[%clk 0:00:33]} Qh6+ {[%clk 0:00:36]} 60. Kg2
{[%clk 0:00:42]} Qg5 {[%clk 0:00:36]} 61. Ba4 {[%clk 0:00:31]} Be5
{[%clk 0:00:29]} 62. Bb3 {[%clk 0:00:31]} Bd6 {[%clk 0:00:27]} 63. Kf2
{[%clk 0:00:17]} Bc5+ {[%clk 0:00:28]} 64. Kg2 {[%clk 0:00:26]} Bd6
{[%clk 0:00:31]} 65. Ba4 {[%clk 0:00:32]} Qa5 {[%clk 0:00:29]} 66. Bb3
{[%clk 0:00:40]} Qd2+ {[%clk 0:00:36]} 67. Kh3 {[%clk 0:00:48]} Qg5
{[%clk 0:00:34]} 68. Kg2 {[%clk 0:00:56]} Qe5 {[%clk 0:00:31]} 69. Ba4
{[%clk 0:00:52]} Qd4 {[%clk 0:00:27]} 70. Bb3 {[%clk 0:00:46]} Qe5
{[%clk 0:00:28]} 71. Ba4 {[%clk 0:00:53]} Bc7 {[%clk 0:00:35]} 72. Bb3
{[%clk 0:01:01]} Qd6 {[%clk 0:00:34]} 73. Bd5 {[%clk 0:00:47]} Qe5
{[%clk 0:00:31]} 74. Bb3 {[%clk 0:00:56]} Qg5 {[%clk 0:00:29]} 75. Ba4
{[%clk 0:01:01]} Qd2+ 76. Kh3 Qg5 {[%clk 0:00:30]} 77. Kg2 {[%clk 0:01:19]} Qe5
{[%clk 0:00:23]} 78. Bb3 {[%clk 0:01:23]} Qd6 {[%clk 0:00:22]} 79. Bd5
{[%clk 0:01:33]} Bb6 {[%clk 0:00:23]} 80. Bb3 {[%clk 0:00:51]} Qd2+
{[%clk 0:00:25]} 81. Kh3 {[%clk 0:00:32]} Qh6+ {[%clk 0:00:32]} 82. Kg2
{[%clk 0:00:41]} Qd2+ {[%clk 0:00:33]} 83. Kh3 {[%clk 0:00:51]} Qd7+
{[%clk 0:00:35]} 84. Kg2 {[%clk 0:00:54]} Qd4 {[%clk 0:00:32]} 85. Kh3
{[%clk 0:00:39]} Qd7+ {[%clk 0:00:36]} 86. Kg2 {[%clk 0:00:49]} Qd2+
{[%clk 0:00:40]} 87. Kh3 {[%clk 0:00:58]} Qh6+ {[%clk 0:00:45]} 88. Kg2
{[%clk 0:01:07]} Qc1 {[%clk 0:00:41]} 89. Kh2 {[%clk 0:00:28]} Qg1+
{[%clk 0:00:34]} 90. Kh3 {[%clk 0:00:36]} Qe1 {[%clk 0:00:31]} 91. Kg2
{[%clk 0:00:29]} Qg1+ {[%clk 0:00:31]} 92. Kh3 {[%clk 0:00:38]} Qe1
{[%clk 0:00:25]} 93. Kg2 {[%clk 0:00:43]} Qd2+ {[%clk 0:00:28]} 94. Kh3
{[%clk 0:00:50]} Bg1 {[%clk 0:00:23]} 95. Qh1 {[%clk 0:00:14]} Qd7+
{[%clk 0:00:18]} 96. Kg2 {[%clk 0:00:16]} Bb6 {[%clk 0:00:19]} 97. Qe1
{[%clk 0:00:16]} Qb7+ {[%clk 0:00:21]} 98. Kh3 {[%clk 0:00:23]} Qc8+
{[%clk 0:00:26]} 99. Kg2 {[%clk 0:00:30]} Qb7+ {[%clk 0:00:30]} 100. Kh3 Qd7+
{[%clk 0:00:31]} 101. Kg2 {[%clk 0:00:46]} Ba7 {[%clk 0:00:31]} 102. Be6
{[%clk 0:00:29]} Qc6+ {[%clk 0:00:35]} 103. Kh3 {[%clk 0:00:20]} Qxc2
{[%clk 0:00:24]} 104. Bb3 {[%clk 0:00:13]} Qxb3 {[%clk 0:00:15]} 105. Qxe7+
{[%clk 0:00:22]} Qf7 {[%clk 0:00:23]} 0-1

[Event "MCR druzstev mladsich zaku 2016"]
[Site "Hradec Kralove"]
[Date "2016.06.12"]
[Round "9.17"]
[White "Brozka (Polabiny A), Karel"]
[Black "Vavrinkova (Loko Brno), Anna"]
[Result "1-0"]
[BlackElo "1423"]
[WhiteElo "1485"]
[LiveChessVersion "1.4.8"]

1. d4 {[%clk 0:25:17]} d5 {[%clk 0:25:19]} 2. c4 {[%clk 0:25:24]} c6
{[%clk 0:25:28]} 3. Nc3 {[%clk 0:25:28]} Nf6 {[%clk 0:25:35]} 4. Bg5
{[%clk 0:25:30]} e6 {[%clk 0:25:31]} 5. Nf3 {[%clk 0:25:30]} Be7 {[%clk 0:25:30]}
6. e3 {[%clk 0:25:28]} O-O {[%clk 0:25:25]} 7. Qc2 {[%clk 0:25:26]} h6
{[%clk 0:25:14]} 8. Bf4 {[%clk 0:24:38]} b6 {[%clk 0:23:33]} 9. cxd5
{[%clk 0:23:18]} cxd5 {[%clk 0:21:42]} 10. Bd3 {[%clk 0:23:16]} Bb7
{[%clk 0:21:23]} 11. O-O {[%clk 0:22:55]} Nc6 {[%clk 0:20:40]} 12. a3
{[%clk 0:21:31]} Rc8 {[%clk 0:19:50]} 13. Rac1 {[%clk 0:21:05]} Bd6
{[%clk 0:19:29]} 14. Bg3 {[%clk 0:20:39]} Bxg3 {[%clk 0:19:30]} 15. hxg3
{[%clk 0:20:31]} Re8 {[%clk 0:19:18]} 16. Qd2 {[%clk 0:18:56]} Qd6
{[%clk 0:18:36]} 17. Nb5 {[%clk 0:18:20]} Qb8 {[%clk 0:18:10]} 18. Rc2
{[%clk 0:16:37]} a6 {[%clk 0:17:07]} 19. Nc3 {[%clk 0:16:13]} b5 {[%clk 0:16:30]}
20. a4 {[%clk 0:14:57]} Nb4 {[%clk 0:13:47]} 21. Rcc1 {[%clk 0:14:49]} Nxd3
{[%clk 0:13:05]} 22. Qxd3 {[%clk 0:14:54]} b4 {[%clk 0:12:35]} 23. Ne2
{[%clk 0:14:34]} Rxc1 {[%clk 0:12:33]} 24. Rxc1 {[%clk 0:13:21]} Rc8
{[%clk 0:12:29]} 25. Ne5 {[%clk 0:12:33]} Rxc1+ {[%clk 0:12:05]} 26. Nxc1
{[%clk 0:12:40]} Qc7 {[%clk 0:11:40]} 27. Nb3 {[%clk 0:12:42]} Ne4
{[%clk 0:11:19]} 28. Nf3 {[%clk 0:11:26]} Qc4 {[%clk 0:10:18]} 29. Ne5
{[%clk 0:11:06]} Qxd3 {[%clk 0:10:04]} 30. Nxd3 {[%clk 0:11:14]} Bc6
{[%clk 0:10:09]} 31. Ndc5 {[%clk 0:11:14]} Nxc5 {[%clk 0:09:59]} 32. Nxc5
{[%clk 0:11:18]} a5 {[%clk 0:09:53]} 33. b3 {[%clk 0:11:22]} Kf8 {[%clk 0:09:56]}
34. Kf1 {[%clk 0:11:30]} Ke7 {[%clk 0:10:01]} 35. Ke2 {[%clk 0:11:29]} Kd6
{[%clk 0:10:05]} 36. f4 {[%clk 0:10:40]} f6 {[%clk 0:09:55]} 37. Kf3
{[%clk 0:09:55]} e5 {[%clk 0:09:42]} 38. Kg4 {[%clk 0:09:27]} exd4
{[%clk 0:08:06]} 39. exd4 {[%clk 0:09:31]} Ke7 {[%clk 0:07:50]} 40. Kf5
{[%clk 0:09:24]} Kf7 {[%clk 0:07:53]} 41. Kg4 {[%clk 0:08:28]} Be8
{[%clk 0:06:03]} 42. f5 {[%clk 0:07:35]} Ke7 {[%clk 0:05:16]} 43. Kf3
{[%clk 0:06:56]} Bc6 {[%clk 0:04:24]} 44. Ne6 {[%clk 0:06:24]} g6
{[%clk 0:03:39]} 45. Nc5 {[%clk 0:06:20]} gxf5 {[%clk 0:03:39]} 46. Kf4
{[%clk 0:06:28]} Be8 {[%clk 0:02:39]} 47. Kxf5 {[%clk 0:06:09]} Kf7
{[%clk 0:02:12]} 48. Nd3 {[%clk 0:05:08]} Bd7+ {[%clk 0:01:55]} 49. Kf4
{[%clk 0:05:10]} Kg6 {[%clk 0:01:58]} 50. g4 {[%clk 0:05:04]} f5 {[%clk 0:01:54]}
51. Ne5+ {[%clk 0:05:12]} Kg7 {[%clk 0:01:48]} 52. Nxd7 {[%clk 0:05:19]} fxg4
{[%clk 0:01:56]} 53. Kxg4 {[%clk 0:05:24]} Kg6 {[%clk 0:02:00]} 54. Ne5+
{[%clk 0:05:31]} Kg7 {[%clk 0:02:06]} 55. Nc6 {[%clk 0:05:39]} 1-0

[Event "MCR druzstev mladsich zaku 2016"]
[Site "Hradec Kralove"]
[Date "2016.06.12"]
[Round "9.18"]
[White "Hladky (Loko Brno), Tadeas"]
[Black "Sulcova (Polabiny A), Tereza"]
[Result "1-0"]
[BlackElo "1178"]
[WhiteElo "1292"]
[LiveChessVersion "1.4.8"]

1. e4 {[%clk 0:25:17]} e6 {[%clk 0:25:08]} 2. d4 {[%clk 0:25:24]} d5
{[%clk 0:25:10]} 3. Nd2 {[%clk 0:25:31]} Nf6 {[%clk 0:25:12]} 4. Bd3
{[%clk 0:25:36]} c5 {[%clk 0:24:58]} 5. c3 {[%clk 0:25:44]} Nc6 {[%clk 0:25:01]}
6. Ne2 {[%clk 0:25:51]} Qb6 {[%clk 0:24:46]} 7. exd5 {[%clk 0:25:14]} Nxd5
{[%clk 0:24:03]} 8. Nf3 {[%clk 0:25:11]} Bd7 {[%clk 0:23:36]} 9. Qb3
{[%clk 0:24:44]} Bd6 {[%clk 0:23:20]} 10. Bc4 {[%clk 0:24:02]} Qxb3
{[%clk 0:22:44]} 11. axb3 {[%clk 0:23:55]} Nc7 {[%clk 0:22:46]} 12. Be3
{[%clk 0:23:51]} f6 {[%clk 0:22:09]} 13. dxc5 {[%clk 0:22:46]} Be7
{[%clk 0:21:47]} 14. Ned4 {[%clk 0:21:22]} Bxc5 {[%clk 0:21:17]} 15. Nxc6
{[%clk 0:21:29]} Bxe3 {[%clk 0:21:23]} 16. fxe3 {[%clk 0:21:13]} Bxc6
{[%clk 0:21:28]} 17. O-O {[%clk 0:21:14]} O-O {[%clk 0:21:02]} 18. Rad1
{[%clk 0:21:13]} Kh8 {[%clk 0:20:55]} 19. Nd4 {[%clk 0:20:52]} Bd7
{[%clk 0:20:43]} 20. Nf5 {[%clk 0:18:39]} Bc6 {[%clk 0:20:00]} 21. Nd4
{[%clk 0:17:19]} Bd7 {[%clk 0:19:57]} 22. Rfe1 {[%clk 0:16:52]} e5
{[%clk 0:18:44]} 23. Nf3 {[%clk 0:16:41]} Bg4 {[%clk 0:18:45]} 24. Kf2
{[%clk 0:16:14]} e4 {[%clk 0:18:49]} 25. h3 {[%clk 0:16:02]} Bxf3
{[%clk 0:17:05]} 26. gxf3 {[%clk 0:16:10]} f5 {[%clk 0:17:09]} 27. f4
{[%clk 0:16:17]} Rf6 {[%clk 0:16:37]} 28. Rd7 {[%clk 0:16:00]} Rc8
{[%clk 0:16:21]} 29. Red1 {[%clk 0:15:44]} a6 {[%clk 0:15:15]} 30. Rxc7
{[%clk 0:15:11]} Rcf8 {[%clk 0:14:38]} 31. Rxb7 {[%clk 0:14:47]} Rh6
{[%clk 0:14:34]} 32. Rh1 {[%clk 0:14:46]} Ra8 {[%clk 0:14:11]} 33. Rf7
{[%clk 0:14:15]} Rh5 {[%clk 0:13:53]} 34. Bd5 {[%clk 0:13:29]} Rd8
{[%clk 0:13:29]} 35. Kg2 {[%clk 0:12:41]} h6 {[%clk 0:13:27]} 36. c4
{[%clk 0:12:04]} Rb8 {[%clk 0:13:20]} 37. Rb7 {[%clk 0:12:11]} Rf8
{[%clk 0:13:22]} 38. Ra1 {[%clk 0:12:02]} Rf6 {[%clk 0:13:28]} 39. Bf7
{[%clk 0:11:35]} 1-0